| 000 | 00672nam a2200205 a 4500 | ||
|---|---|---|---|
| 005 | 20240924065801.0 | ||
| 008 | 050922s1972 ug r 000 0 spa d | ||
| 035 | _aUPN01000140231 | ||
| 049 | _aCG | ||
| 050 | 4 |
_aHF5549.5 T7 _bP3.2 |
|
| 100 | 1 |
_aPain, Abraham _932032 |
|
| 245 | 1 | 0 |
_aActitudes de los trabajadores ante la formación profesional : _buna encuesta en Buenos Aires / _cpor Abraham Pain. |
| 260 |
_aMontevideo : _bCINTEFOR : _bCICE, _c1972. |
||
| 300 | _a138 p. | ||
| 440 | 0 |
_aEstudios y monografías ; _v10 |
|
| 500 | _a"Proyecto 042" | ||
| 650 | 4 |
_aEmpleados _xCapacitación _9979 |
|
| 650 | 4 |
_aTRABAJO Y TRABAJADORES - _zARGENTINA _919386 |
|
| 905 | _aLibro | ||
| 999 |
_c112379 _d112379 |
||